Fallout 4 Quiz - Statistics

General Stats
  • This quiz has been taken 214 times
  • The average score is 11 of 18
Answer Stats
Hint Answer % Correct
How many types of power armor is there? 5
90%
Leader of Minutemen Preston Garvey
90%
Name of the games currency Bottlecaps
86%
Main City in-game Diamond city
86%
How many Companions are there? 13
84%
Leader of the Institute Father
81%
How many bobbleheads? 20
72%
Giant Super mutant behemoth
65%
Leader of The Railroad Desdemona
63%
Comic book hero Grognak the barbarian
63%
Leader of The Brotherhood Of Steel Elder maxson
61%
Second Comic book hero The Silver Shroud
54%
Rarest Nuka drink Nuka Cola Quantum
48%
How many unique weapons are there? 45
41%
Most common drug stimpack
37%
Young children dream toy Giddyup Buttercup
34%
Name of Kellogg's Pistol Kelloggs pistol
34%
non-human weapon Alien blaster
30%
No matching quizzes found
Score Distribution
Percent of People with Each Score
Percentile by Number Answered
Your Score History
You have not taken this quiz